000 00308nam a22001337a 4500
008 170904b xxu||||| |||| 00| 0 eng d
020 _a0840345356
041 _aeng
080 _a070
100 _a40
101 _aMED
245 _aIINTRODUCTION COMMUNICATION STUDIES
_cWALDHART.E.S
942 _2udc
_cBK
999 _c26037
_d26037